Statystyki dla Przeciwko jakim reprezentacjom strzelił Robert Lewandowski

Kliknij tutaj aby rozwiązać quiz!

Ogólne statystyki

  • Ten quiz został rozwiązany 73 razy
  • Średni wynik to 57 z 82

Statystyki odpowiedzi

Bramka:Reprezentacja:Rok:% Poprawnych
11.Niemcy06.09.2011
95%
27.Niemcy04.09.2015
95%
78.Francja04.12.2022
91%
71.San Marino05.09.2021
91%
17.San Marino26.03.2013
91%
16.San Marino26.03.2013
91%
1.San Marino10.09.2008
91%
72.San Marino05.09.2021
91%
3.San Marino01.04.2009
91%
35.Portugalia30.06.2016
89%
2.Irlandia19.11.2008
86%
32.Irlandia11.10.2015
86%
69.Szwecja23.06.2021
86%
68.Szwecja23.06.2021
86%
75.Szwecja29.03.2022
86%
76.Belgia08.06.2022
82%
67.Hiszpania19.06.2021
82%
60.Łotwa10.10.2019
82%
59.Łotwa10.10.2019
82%
58.Łotwa10.10.2019
82%
56.Łotwa24.03.2019
82%
82.Łotwa21.11.2023
82%
79.Mołdawia20.06.2023
82%
77.Arabia Saudyjska26.11.2022
79%
14.Andora02.06.2012
77%
73.Andora12.11.2021
77%
65.Andora28.03.2021
77%
66.Andora28.03.2021
77%
74.Andora12.11.2021
77%
55.Litwa12.06.2018
77%
54.Litwa12.06.2018
77%
19.Litwa06.06.2014
77%
38.Dania08.10.2016
75%
37.Dania08.10.2016
75%
39.Dania08.10.2016
75%
44.Rumunia10.06.2017
75%
45.Rumunia10.06.2017
75%
41.Rumunia11.11.2016
75%
46.Rumunia10.06.2017
75%
42.Rumunia11.11.2016
75%
30.Szkocja08.10.2015
75%
31.Szkocja08.10.2015
75%
15.Grecja08.06.2012
74%
61.Słowenia19.11.2019
74%
10.Norwegia09.02.2011
72%
64.Węgry25.03.2021
72%
81.Wyspy Owcze07.09.2023
70%
70.Albania02.09.2021
68%
6.Bułgaria03.03.2010
67%
80.Wyspy Owcze07.09.2023
67%
34.Islandia13.11.2015
63%
33.Islandia13.11.2015
63%
48.Armenia05.10.2017
61%
49.Armenia05.10.2017
61%
50.Armenia05.10.2017
61%
40.Armenia11.10.2016
61%
53.Chile08.06.2018
61%
57.Izrael10.06.2019
61%
47.Kazachstan04.09.2017
61%
36.Kazachstan04.09.2016
61%
24.Gruzja13.06.2015
58%
25.Gruzja13.06.2015
58%
26.Gruzja13.06.2015
58%
51.Czarnogóra08.10.2017
54%
43.Czarnogóra26.03.2017
54%
18.Czarnogóra06.09.2013
54%
20.Gibraltar07.09.2014
54%
22.Gibraltar07.09.2014
54%
28.Gibraltar07.09.2015
54%
29.Gibraltar07.09.2015
54%
21.Gibraltar07.09.2014
54%
23.Gibraltar07.09.2014
54%
13.Białoruś11.10.2011
53%
62.Bośnia14.10.2020
49%
63.Bośnia14.10.2020
49%
12.Korea Południowa07.10.2011
44%
52.Korea Południowa27.03.2018
44%
7.Australia07.09.2010
42%
8.Wybrzeże Kości Słoniowej17.11.2010
35%
9.Wybrzeże Kości Słoniowej17.11.2010
35%
5.Singapur23.01.2010
25%
4.Singapur23.01.2010
25%

Rozkład punktacji

Percentyl według liczby udzielonych odpowiedzi

Procent ludzi z każdym wynikiem

Twoja historia wyników

Nie rozwiązałeś tego quizu